[Event "HUN-ch Rapid 2020"]
[Site "Ajka"]
[Date "2020.07.17"]
[Round "3.25"]
[White "Horvath, Jozsef"]
[Black "Juhasz, Judit"]
[Result "1-0"]
[WhiteElo "2438"]
[BlackElo "2053"]
[Annotator "TA"]
[PlyCount "171"]
[EventDate "2020.07.17"]
[EventType "rapid"]
[EventCountry "HUN"]
[SourceTitle "playchess.com"]
[Source "ChessBase"]
[SourceQuality "1"]

{[%evp 22,171,36,31,51,31,79,43,131,-12,89,92,159,29,32,0,8,-4,116,0,0,0,0,0,0,0,0,-32,-32,-32,-32,-32,-39,-33,-23,-37,-29,-37,-40,-50,-55,-53,-67,-113,-59,-128,-37,-37,-37,-43,0,0,0,0,0,0,0,0,0,0,0,0,0,0,0,0,0,0,0,0,0,0,24,24,24,24,24,24,24,24,25,25,25,17,125,17,17,17,113,114,889,747,986,931,877,856,812,783,4742,3080,29968,2433,29971,29968,29965,29964,29975,29976,29977,29978,29977,29978,29978,29977,29977,29978,29978,29975,29976,29977,29977,29976,29976,29976,29975,8,29969,0,29974,0,29970,29970,29976,29978,29979,29980,29980,29981,29985,29981,29981,29982,29982,29981,29981,29982,29984,29980,29984,29985,29987,360]} 1. c4 c5 2. Nc3 Nc6 3. g3 g6 4. Bg2 Bg7 5. Nf3 e5 6. a3 Nge7 7. Rb1 a5 8. d3 d6 9. O-O O-O 10. Bd2 h6 11. Ne1 Be6 12. Nd5 f5 {A37: Symmetrical English vs ...g6: 4 Bg2 Bg7 5 Nf3.} 13. Nc2 {[#]} Nd4 $146 ({Predecessor:} 13... a4 14. Nce3 f4 15. Nxe7+ Nxe7 16. Nd5 Nxd5 17. cxd5 Bg4 18. f3 Bd7 19. Be1 b5 {0-1 (38) Reichenbaecher,T (1966)-Hahn,F (2189) Vellmar 2018}) 14. b4 (14. Nxe7+ {is interesting.} Qxe7 15. b4 cxb4 16. axb4 a4 17. Nxd4 exd4 18. b5) 14... axb4 (14... Bxd5 $14 15. cxd5 Nxc2 16. bxc5 Nxa3 17. Rxb7 Rb8) 15. axb4 (15. Nxe7+ $16 Qxe7 16. Nxd4 cxd4 17. Rxb4) 15... Bxd5 (15... Nxd5 $1 $11 16. cxd5 Bd7) 16. cxd5 $16 Ra2 (16... b6 $142) 17. Nxd4 (17. bxc5 $1 $16 Rxc2 18. e3 Rxc5 19. exd4 exd4 20. Rxb7) 17... cxd4 $11 18. b5 g5 19. e3 Qb6 {[#]} (19... dxe3 $11 {remains equal.} 20. Bxe3 Qa5) 20. exd4 (20. e4 $1 $16) 20... Qxd4 21. Be3 Qc3 22. Rc1 Qa5 23. Qb3 Ra3 24. Bb6 Rxb3 25. Bxa5 Rxb5 26. Bc7 Nxd5 27. Bxd6 {Strongly threatening Rb1.} Rd8 $36 {[%mdl 2048] Black fights for an advantage.} 28. Rb1 Nc3 29. Rxb5 Nxb5 30. Bc5 Rxd3 {...e4 is the strong threat.} 31. Rb1 Nc3 32. Rxb7 Rd1+ 33. Bf1 {[#]} Ne4 (33... f4 $1 $17 {[%cal Rf4f3] Hoping for ...f3.} 34. Bb4 Nd5) 34. Bb4 $1 $15 Rb1 {aiming for ...Bf8.} 35. f3 Nd2 (35... Nf6 {with more complications.} 36. Rb5 e4 37. fxe4 Nxe4 38. Be7 Bd4+) 36. Rxg7+ $1 Kxg7 37. Bxd2 {Black should prevent Bc3.} Kf6 38. Kf2 Rb2 39. Ke1 Rb1+ 40. Kf2 Rb2 41. Ke1 Rb1+ 42. Ke2 Rb2 43. Kd3 Rb1 44. Ke2 Rb2 45. Bg2 Ke6 46. h4 f4 47. gxf4 gxf4 48. Bh3+ Kd5 49. Kd3 Rb3+ 50. Bc3 Rb6 51. Bf5 Rb1 52. h5 Rh1 (52... Rd1+ $11 53. Ke2 Rh1) 53. Be4+ (53. Bg6 $16) 53... Ke6 $11 54. Bg6 {And now Ke4 would win.} Rb1 (54... Rc1 $11) 55. Ke4 $16 {White leaves nothing to chance now.} Rb3 $2 {[%mdl 8192]} (55... Rb5 $16) 56. Bf5+ $18 Kf6 57. Bxe5+ {[%mdl 64] Double Attack} Kg5 58. Bxf4+ Kxh5 59. Bd6 Rc3 60. f4 Kh4 61. Bg6 (61. Be6 $142 Rc1 62. Be7+ Kg3 63. f5 Re1+ 64. Kd5 h5 65. f6 Rd1+ 66. Kc5) 61... Rc6 62. Kd5 Rc1 63. f5 Kg5 64. Be7+ Kg4 65. f6 Rd1+ 66. Ke5 Re1+ 67. Be4 Rf1 68. Bb4 h5 69. Bg2 Rf2 70. Bd5 Re2+ 71. Be4 Rf2 72. Bc5 Rf1 73. Bc6 $2 (73. Bd3 Re1+ 74. Kd4 Re6 75. f7 Rf6 76. Be2+ Kh3 77. Bxh5 Rxf7 78. Bxf7) 73... Re1+ $2 {[%mdl 8192]} (73... Rf5+ $11 74. Kd4 Rxf6 75. Bd7+ Kf3) 74. Be4 Rf1 75. Bc6 Re1+ 76. Kd6 {White mates.} Rd1+ 77. Bd5 Rf1 78. f7 h4 79. Ke7 h3 80. f8=Q Rxf8 81. Kxf8 Kf4 82. Kg7 Ke5 83. Bh1 Kf4 84. Kh6 Kg4 85. Bd6 Kh4 86. Bf3 $2 {Accuracy: White = 74%, Black = 58%.} (86. Bh2 {mates} Kg4 87. Kg6 Kh4 88. Kf5 Kh5 89. Bf3+ Kh4 90. Bh1 Kh5 91. Bg3) 1-0

[Event "HUN-ch Rapid 2020"]
[Site "Ajka"]
[Date "2020.07.17"]
[Round "4.2"]
[White "Balog, Imre"]
[Black "Horvath, Adam"]
[Result "1-0"]
[WhiteElo "2567"]
[BlackElo "2488"]
[Annotator "TA"]
[PlyCount "45"]
[EventDate "2020.07.17"]
[EventType "rapid"]
[EventCountry "HUN"]
[SourceTitle "playchess.com"]
[Source "ChessBase"]
[SourceQuality "1"]

{[%evp 14,45,36,14,32,31,24,17,39,18,34,-45,-23,-25,115,139,114,123,253,222,735,714,747,700,1098,1093,1052,1017,1489,1508,1493,1452,1426,1393]} 1. d4 Nf6 2. Bg5 e6 3. e4 h6 4. Bxf6 Qxf6 5. Nc3 d6 6. Qd2 c6 7. O-O-O Nd7 8. Nf3 Qd8 {A46: 1 d4 Nf6 2 Nf3 e6: Torre, London and Colle Systems.} 9. g4 $5 {[%mdl 4] Leaves trodden paths.} Be7 10. h4 {[#]} b5 $146 {[%cal Bb7b5,Bb5b4][%mdl 32] The position is equal.} ({Predecessor:} 10... Qc7 11. g5 h5 12. Bh3 g6 13. Ne1 d5 14. Nd3 dxe4 15. Nxe4 b6 16. Ne5 Nxe5 17. dxe5 Qxe5 {½-½ (49) Djordjevic,V (2415)-Liu,Y (2402) Poprad 2016}) 11. d5 b4 12. Ne2 (12. dxc6 $14 bxc3 13. cxd7+ (13. Qxc3 Nc5 $17) 13... Bxd7 14. Qxc3) 12... cxd5 $1 $15 13. exd5 Nb6 (13... e5 $11) 14. dxe6 $16 Bxe6 15. Ned4 $36 {[%mdl 2048] White is on the roll.} O-O {[#] Loses the game.} (15... Bd7 $16 16. Re1 (16. Qxb4 Rb8 $16) 16... Kf8) 16. g5 $1 $18 ({Less strong is} 16. Qxb4 Bd5 $16) 16... Bg4 $2 (16... Bd5 17. gxh6 g6) 17. gxh6 {White is clearly winning.} Bf6 18. hxg7 Re8 19. Rg1 {Intending Qh6 and mate.} Re4 20. Bd3 Qe8 21. Bxe4 Qxe4 22. Rde1 Qg6 23. Qf4 {[%mdl 64] Double Attack. Accuracy: White = 89%, Black = 36%.} 1-0

[Event "HUN-ch Rapid 2020"]
[Site "Ajka"]
[Date "2020.07.17"]
[Round "4.3"]
[White "Kaczur, Florian"]
[Black "Banusz, Tamas"]
[Result "1-0"]
[WhiteElo "2507"]
[BlackElo "2628"]
[Annotator "TA"]
[PlyCount "73"]
[EventDate "2020.07.17"]
[EventType "rapid"]
[EventCountry "HUN"]
[SourceTitle "playchess.com"]
[Source "ChessBase"]
[SourceQuality "1"]

{[%evp 10,73,54,31,49,35,43,34,26,24,28,27,19,9,25,12,20,32,59,65,60,47,50,44,104,102,108,99,107,95,158,106,150,68,191,193,282,284,1045,1011,1076,1077,1052,1077,1068,1065,1056,1052,1010,1000,1119,1093,1025,1010,29990,3043,29986,29987,29990,29986,29986,29987,29987,29988,29991,0]} 1. e4 d5 2. exd5 Qxd5 3. Nc3 Qd6 4. d4 Nf6 5. Nf3 c6 6. Ne5 Nbd7 {B01: Scandinavian Defence.} 7. Nc4 Qc7 8. Qf3 Nb6 {White is slightly better.} 9. Bf4 Qd7 10. Nxb6 axb6 11. O-O-O {d5 is the strong threat.} Qd8 {Strongly threatening ...Bg4.} 12. h3 $36 {[%mdl 2048] With the idea d5. White has some pressure.} e6 $1 13. Bc4 Be7 {[#]} 14. Bb3 $5 $146 {[%mdl 8] New and interesting.} ({Predecessor:} 14. g4 Nd5 15. Be5 Bf6 16. Ne4 Bxe5 17. dxe5 O-O 18. g5 b5 19. Bb3 Qc7 20. Nf6+ Nxf6 21. exf6 {½-½ (32) Grischuk,A (2750)-Rapport,R (2698) chess.com INT 2017}) 14... Nd5 15. Be5 O-O 16. Kb1 Nxc3+ (16... b5 $14) 17. Qxc3 $16 Bf6 18. Qg3 b5 19. h4 Re8 (19... Bxe5 $142 20. dxe5 Qe7) 20. f4 (20. c3 $142) 20... Qe7 21. h5 ({White should try} 21. c3 $16) 21... h6 {This move loses the game for Black.} (21... Bxe5 $14 22. fxe5 (22. dxe5 c5 $14) 22... b6) 22. c3 $18 c5 (22... b4 $142 23. cxb4 b6) 23. Bc2 {Black must now prevent Qd3.} cxd4 $2 {[#]} (23... c4 24. Qe3 Kf8) 24. Qd3 $1 {[%mdl 512] Threatening mate with Qh7+.} Qc5 25. Qh7+ Kf8 26. Bxf6 gxf6 {[#]} 27. Bg6 $1 {[%csl Gg6][%cal Rh7f7][%mdl 512]} Qc7 (27... fxg6 28. hxg6) 28. Qxh6+ Ke7 {[#]} 29. Bxf7 $1 {[%mdl 512]} Qc4 (29... Kxf7 30. Qh7+) 30. Rxd4 Qxa2+ 31. Kc2 {Hoping for Qg7.} b4 32. Bxe8 (32. Qg7 $142 Qa4+ 33. b3 Qa2+ 34. Kd3 $1 {[%mdl 512]} Qc2+ {[%mdl 64] Decoy} 35. Kxc2 Ra2+ 36. Kb1 $1 {[%mdl 512]} Rb2+ 37. Kxb2 bxc3+ 38. Ka2 Rf8 39. Bg6+ Rf7 40. Qxf7#) 32... b3+ 33. Kd3 {White mates.} Qxb2 34. Bg6 {[%cal Rh6g7]} Qc2+ 35. Ke3 {[%cal Rh6g7]} Qxc3+ 36. Rd3 {[%cal Rh6g7]} Qc5+ 37. Ke4 $2 {[%mdl 32768] Accuracy: White = 80%, Black = 39%. . Sensor Board Error (Ke4/e5)?} (37. Kf3 {mates} Qc6+ 38. Kg3 Bd7 39. Qg7+ Kd8 {[#]} 40. Rc1 $1 {[%mdl 512]} Kc8 41. Qxd7+ {[%mdl 64] Double Attack, Pin} Kb8 42. Rxc6 e5 43. Rc8+ Ka7 44. Qa4+ {[%mdl 64] Double Attack} Kb6 45. Rxb3#) 1-0

[Event "HUN-ch Rapid 2020"]
[Site "Ajka"]
[Date "2020.07.17"]
[Round "4.4"]
[White "Kozak, Adam"]
[Black "Erdos, Viktor"]
[Result "1-0"]
[WhiteElo "2503"]
[BlackElo "2618"]
[Annotator "TA"]
[PlyCount "109"]
[EventDate "2020.07.17"]
[EventType "swiss"]
[EventCountry "HUN"]
[SourceTitle "playchess.com"]
[Source "ChessBase"]
[SourceQuality "1"]

{[%evp 13,109,9,21,13,9,7,8,12,10,-11,-8,-9,-9,-8,0,0,0,0,0,0,0,0,4,-1,0,0,0,0,48,48,48,44,49,51,66,52,51,-19,-13,-16,-17,-145,0,0,3,0,164,152,136,81,81,81,81,0,0,0,100,100,100,100,135,156,161,142,162,106,134,95,99,99,99,95,106,88,102,88,172,118,119,118,110,116,167,167,191,152,208,206,206,206,209,206,185,112,29989,29990,29990,29991]} 1. Nf3 d5 2. g3 g6 3. Bg2 Bg7 4. d4 Nf6 5. O-O O-O 6. c4 c6 7. Qb3 a5 8. cxd5 {D78: Fianchetto Grünfeld: 6 0-0 c6.} a4 9. Qd1 cxd5 10. Nc3 {The position is equal.} Qa5 11. a3 Ne4 12. Bd2 Nxd2 13. Qxd2 Nc6 14. e3 {[#]} Rd8 $146 ({Predecessor:} 14... Bd7 15. Rfd1 Rfc8 16. Rac1 e6 17. Ne1 Qd8 18. Nd3 Na5 19. Qe2 Nb3 20. Rb1 Be8 {½-½ (53) Lenderman,A (2637)-Durarbayli,V (2620) chess.com INT 2019}) 15. Rac1 Bg4 16. Qc2 Bf5 17. Qe2 Bg4 18. Qc2 Bxf3 19. Bxf3 e5 20. dxe5 d4 21. Bxc6 $1 dxc3 22. Bg2 ({Stronger than} 22. Bxb7 Rab8 $17) 22... Bxe5 23. bxc3 Rac8 {[%cal Rc8c3]} 24. c4 b5 25. c5 (25. Qe4 $1 $14 Bb2 {[%mdl 64] Double Attack} 26. Rb1 Rxc4 27. Qe7) 25... Rd2 $11 26. Qe4 Bb2 {[%mdl 64] Double Attack} 27. c6 (27. Rcd1 $11) 27... Bxa3 (27... Bxc1 $17 28. Rxc1 Qd8) 28. Rcd1 $1 Bb2 29. Qg4 $36 {[%mdl 2048] Black is under pressure.} f5 $2 {[#]} (29... Rdd8 $11 {and Black is okay.}) 30. Qh4 $1 $18 {[%cal Rh4e7] Hoping for Qe7.} a3 {next ...Re8 is good for Black.} 31. Qe7 ({Better is} 31. Bd5+ Kh8 32. Qe7 Rxd1 33. Rxd1) 31... Kh8 $16 32. Rxd2 Qxd2 33. Qe6 (33. Qb7 $16 Rf8 34. Qxb5) 33... Qd8 $11 34. Qb3 Qg8 (34... Qa5 $11 {keeps the balance.}) 35. Bd5 Qf8 36. Qxb5 Rb8 37. Qc4 {Black must now prevent c7.} Rc8 38. Rd1 Rc7 39. Qb3 ({White should play} 39. e4 $18) 39... Kg7 $16 40. Bf3 Qe7 41. Kg2 Ra7 42. Bd5 Be5 {Strongly threatening ...a2.} 43. Qa2 Qc5 44. Rd2 Ra5 {[#]} (44... h5 $16 45. h4 Kh6) 45. Bf3 (45. e4 $1 $18 {Threatens to win with Bg8.} Ra7 46. exf5) 45... Ra7 46. Rd5 Qe7 47. Rb5 Rc7 (47... Ra8 $16 48. e4 (48. Rb7 Bc7 $18) 48... fxe4 49. Bxe4 Rc8) 48. h4 $18 h5 49. Bd5 Qd6 (49... Bd6 $16 50. Bf3 Qf7) 50. Ra5 Bb2 51. Qc4 Re7 52. Ra8 Kh6 53. Rc8 (53. Qb5 $18) 53... Rc7 $2 {[%mdl 8192]} (53... Ra7 $16) 54. Rxc7 Qxc7 55. Qf4+ {Accuracy: White = 75%, Black = 72%.} 1-0

[Event "HUN-ch Rapid 2020"]
[Site "Ajka"]
[Date "2020.07.17"]
[Round "4.5"]
[White "Antal, Gergely"]
[Black "Korpa, Bence"]
[Result "1/2-1/2"]
[WhiteElo "2571"]
[BlackElo "2545"]
[Annotator "TA"]
[PlyCount "32"]
[EventDate "2020.07.17"]
[EventType "rapid"]
[EventCountry "HUN"]
[SourceTitle "playchess.com"]
[Source "ChessBase"]
[SourceQuality "1"]

{[%evp 10,32,12,-3,28,8,23,33,33,14,43,15,17,9,11,15,25,16,22,0,0,0,14,-41,5]} 1. e4 Nc6 2. Nc3 e5 3. g3 Bc5 4. Bg2 d6 5. d3 Nf6 6. Nge2 Be6 {C26: Vienna Game: 2...Nf6, sidelines .} 7. Nd5 Bxd5 8. exd5 Ne7 {[#] White is slightly better.} 9. c4 $146 ({Predecessor:} 9. d4 exd4 10. Nxd4 O-O 11. c4 Bxd4 12. Qxd4 Nf5 13. Qd3 Re8+ 14. Kf1 Qe7 15. Bf3 {½-½ (74) Ribera Veganzones,J (1962)-Varela la Madrid,T (2068) Barcelona 2019}) 9... a5 10. O-O Nf5 11. Bh3 Nd4 $1 12. Nxd4 Bxd4 13. Qa4+ Kf8 14. Be3 Bxe3 15. fxe3 h5 16. Rf3 (16. Bf5 $11) 16... Rh6 {An uneventful encounter. Accuracy: White = 73%, Black = 69%.} 1/2-1/2

[Event "HUN-ch Rapid 2020"]
[Site "Ajka"]
[Date "2020.07.17"]
[Round "4.6"]
[White "Fancsy, Imre"]
[Black "Nagy, Gabor"]
[Result "0-1"]
[WhiteElo "2352"]
[BlackElo "2502"]
[Annotator "TA"]
[PlyCount "78"]
[EventDate "2020.07.17"]
[EventType "rapid"]
[EventCountry "HUN"]
[SourceTitle "playchess.com"]
[Source "ChessBase"]
[SourceQuality "1"]

{[%evp 11,78,0,0,0,0,0,0,0,0,0,0,-5,-10,0,0,-16,-11,-44,-64,-65,-39,-64,-42,-38,-52,-119,-106,-124,-121,-157,-141,-137,-110,-110,-116,-129,8,16,8,8,16,11,21,-141,-128,-237,-238,-247,-228,-410,-416,-391,-375,-534,-425,-437,-435,-740,-733,-952,-931,-923,-874,-850,-807,-2365,-927,-1054,-615]} 1. Nf3 c5 2. c4 Nc6 3. g3 g6 4. Bg2 Bg7 5. Nc3 d6 6. d3 e6 7. Bg5 {A37: Symmetrical English vs ...g6: 4 Bg2 Bg7 5 Nf3.} Nge7 8. O-O h6 9. Bd2 {The position is equal.} O-O 10. a3 Qd7 11. Rb1 b6 12. b4 Bb7 13. Qc1 Kh7 14. b5 Nd4 15. Nxd4 cxd4 16. Na2 Bxg2 17. Kxg2 Rfc8 {[#]} 18. Bb4 $146 (18. Nb4 $15) ({Predecessor:} 18. Nb4 d5 19. Qc2 e5 20. Rfc1 dxc4 21. dxc4 f5 22. Na6 e4 23. c5 bxc5 24. Nxc5 {1-0 (42) Biehler,T (2254)-Carow,A (2034) Germany 2015}) 18... Nf5 $17 19. Qf4 d5 20. Rbc1 dxc4 21. dxc4 a5 22. bxa6 Rxa6 23. Rfd1 Rxc4 (23... Qa4 $17 24. Qf3 h5) 24. Rxc4 $11 Qd5+ {[%mdl 64] [#] Double Attack} 25. e4 {[%mdl 64] Double Attack} Qxc4 26. exf5 Qxa2 27. f6 $2 ({White should try} 27. fxg6+ $11 Kxg6 28. Qg4+ Kh7 29. Qe4+ f5 30. Qb7 Qd5+ 31. Qxd5 exd5 32. Kf3) 27... Qd5+ $17 28. Kg1 (28. Qf3 $17 {was called for.} Qxf3+ 29. Kxf3 Bxf6 30. Rc1) 28... e5 $19 29. Qh4 Qf3 {[%mdl 64] Double Attack} 30. fxg7 $2 (30. Rxd4 {keeps fighting.} exd4 31. fxg7) 30... Qxd1+ {[%mdl 4096] Endgame KQR-KQB} 31. Kg2 {[#] White wants to mate with Qd8!} Ra8 $1 32. Bf8 (32. Qe7 $142 Rg8 33. Qxe5) 32... Qh5 {Black is clearly winning.} 33. Qf6 Kg8 34. Bb4 (34. Qc6 $142 Ra7 35. Qxb6) 34... Qf5 35. Qe7 Kxg7 36. Bd6 Ra5 37. Qd8 Kh7 {aiming for ...e4.} 38. Bf8 Qe6 39. Bxh6 Qd5+ {Accuracy: White = 45%, Black = 77%.} 0-1

[Event "HUN-ch Rapid 2020"]
[Site "Ajka"]
[Date "2020.07.17"]
[Round "4.7"]
[White "Czebe, Attila"]
[Black "Meszaros, Tamas"]
[Result "1/2-1/2"]
[WhiteElo "2367"]
[BlackElo "2378"]
[Annotator "RC"]
[PlyCount "97"]
[EventDate "2020.07.17"]
[EventType "rapid"]
[EventCountry "HUN"]
[SourceTitle "playchess.com"]
[Source "ChessBase"]
[SourceQuality "1"]

1. Nf3 d5 2. g3 g6 3. c4 dxc4 4. Na3 Bg7 5. Nxc4 Nc6 6. Bg2 e5 7. O-O Nge7 8. d3 O-O 9. Rb1 Be6 10. Ng5 Bd5 11. e4 Bxc4 12. dxc4 Qxd1 13. Rxd1 Rfd8 14. Be3 Nb4 15. Nf3 Nec6 16. a3 Nc2 17. Rd5 N6d4 18. Nxd4 Nxe3 19. fxe3 exd4 20. exd4 Bxd4+ 21. Kf1 c6 22. Rxd8+ Rxd8 23. Rd1 Rd6 24. Ke2 c5 25. b4 Ra6 26. bxc5 Bxc5 27. Rd3 Rxa3 28. Rxa3 Bxa3 29. e5 b6 30. Kd3 Kf8 31. Bc6 Bb2 32. Ke4 Ke7 33. g4 f6 34. exf6+ Bxf6 35. Kd5 Bh4 36. Ke5 Bf2 37. Bd5 Bg1 38. h4 Bh2+ 39. Ke4 Kd6 40. Bg8 h6 41. Bf7 Bg3 42. Bxg6 Bxh4 43. Kd3 Kc5 44. Kc3 a5 45. Be8 Bf6+ 46. Kb3 Kd4 47. Bd7 Be7 48. Be8 Ke5 49. Bd7 1/2-1/2

[Event "HUN-ch Rapid 2020"]
[Site "Ajka"]
[Date "2020.07.17"]
[Round "4.9"]
[White "Almasi, Zoltan"]
[Black "Dobos, Jozsef"]
[Result "1-0"]
[WhiteElo "2687"]
[BlackElo "2254"]
[Annotator "TA"]
[PlyCount "47"]
[EventDate "2020.07.17"]
[EventType "rapid"]
[EventCountry "HUN"]
[SourceTitle "playchess.com"]
[Source "ChessBase"]
[SourceQuality "1"]

{[%evp 9,47,26,29,32,59,51,53,50,71,68,81,69,88,70,63,58,77,50,97,67,64,66,71,66,79,67,99,94,98,94,123,108,129,112,196,172,307,305,296,258]} 1. Nf3 g6 2. d4 Bg7 3. e4 c6 4. h3 d5 5. e5 f6 6. c4 {B06: Modern Defence.} Be6 7. Qb3 Qb6 8. Nc3 {[%cal Rc4d5] White is slightly better.} dxc4 9. Bxc4 Qxb3 $1 10. axb3 {[%cal Ba2b3,Bb3c4][%mdl 32]} Bxc4 11. bxc4 fxe5 12. Nxe5 Nd7 13. f4 {[#]} Ngf6 $146 ({Predecessor:} 13... Nh6 14. g4 Nf7 15. h4 Nd6 16. c5 Nb5 17. Be3 Nf6 18. g5 Nd5 19. Nxd5 cxd5 {1-0 (41) Macieja,B (2617)-Kuzmicz,K (2451) Warsaw 2012}) 14. O-O O-O 15. Be3 a6 16. g4 Rad8 17. Rad1 e6 18. Kg2 Rfe8 19. Bf2 Nf8 20. Bh4 Rc8 21. b3 b5 (21... Rc7 $16 22. Rd2 N8d7) 22. Ra1 $18 b4 (22... bxc4 $142 23. bxc4 N6d7) 23. Bxf6 Bxf6 24. Ne4 {Accuracy: White = 88%, Black = 61%.} 1-0

[Event "HUN-ch Rapid 2020"]
[Site "Ajka"]
[Date "2020.07.17"]
[Round "4.10"]
[White "Papp, Gabor"]
[Black "Varga, Peter"]
[Result "1-0"]
[WhiteElo "2602"]
[BlackElo "2371"]
[Annotator "TA"]
[PlyCount "85"]
[EventDate "2020.07.17"]
[EventType "rapid"]
[EventCountry "HUN"]
[SourceTitle "playchess.com"]
[Source "ChessBase"]
[SourceQuality "1"]

{[%evp 9,85,49,60,54,75,79,118,105,108,108,166,146,145,129,288,293,291,293,302,287,305,295,297,113,110,108,153,147,143,56,60,0,0,0,0,0,57,60,58,55,45,0,0,0,0,0,0,0,0,0,0,0,6,8,92,87,289,142,152,147,343,374,353,340,595,591,582,570,895,863,29967,29968,29972,29971,4934,29971,29968,29971]} 1. e4 c6 2. d4 d5 3. Nc3 a6 4. Bd3 g6 5. e5 Bg7 6. f4 {B15: Caro-Kann: 3 Nc3: 3...g6 and 3...dxe4 4 Nxe4 Nf6 5 Nxf6+ exf6.} Nh6 7. Nf3 {[#]} Bg4 $146 ({Predecessor:} 7... Bf5 8. Ne2 e6 9. h3 Bxd3 10. Qxd3 Nf5 11. Bd2 Nd7 12. g4 Ne7 13. O-O-O c5 {1-0 (40) Scherrer,H-Schmidt,G (1994) Eger 2004}) 8. h3 {White is better.} Bxf3 9. Qxf3 (9. gxf3 $6 e6 $11) 9... Nf5 (9... e6 $16) 10. Ne2 e6 11. g4 Ne7 $2 (11... Nxd4 $16 {keeps fighting.} 12. Nxd4 c5) 12. f5 $18 exf5 13. gxf5 Nxf5 14. Bxf5 gxf5 15. Rg1 (15. Qxf5 $6 Qh4+ 16. Kd1 Nd7 $18) 15... Qh4+ 16. Qg3 $2 (16. Kd1 $18 {and White stays clearly on top.} Bh6 17. Qxf5 Bxc1 18. Rg7 (18. Rxc1 Nd7 $16) (18. Kxc1 Qh6+ 19. Nf4 Nd7 $16)) 16... Qxg3+ $16 17. Nxg3 Nd7 18. Nxf5 Bf8 19. Bg5 (19. Bh6 $16) 19... f6 20. Bxf6 (20. Bh4 $14 Kf7 21. O-O-O) 20... Nxf6 $11 21. exf6 Kf7 22. Kd2 (22. O-O-O {seems wilder.} Re8 23. Rg3 Re6 24. Rb3 b5 25. Rf3) 22... Rg8 ({Black should play} 22... Re8 $11) 23. Rxg8 $14 Kxg8 {[%mdl 4096] Endgame KRB-KRN} 24. Rf1 Kf7 25. Rf3 Re8 26. Ne7 Bh6+ 27. Kc3 Bg5 28. Nf5 {[#] Threatens to win with Nd6+.} Re6 29. a4 a5 30. b4 axb4+ 31. Kxb4 {White wants to play Kc5.} Bxf6 {[#]} (31... Rxf6 $11 {remains equal.} 32. Nd6+ Ke6 33. Rxf6+ Bxf6 34. Nxb7 Bxd4) 32. Kc5 $1 $16 {[%cal Rc5b6]} Ke8 $2 (32... Re2 $16) 33. Kb6 (33. Rb3 $18) 33... Kd7 34. Kxb7 {And now a5 would win.} Re2 $2 (34... Bd8 $16 {was worth a try.} 35. Ng3 Re7) 35. Ng3 $1 $18 {[%csl LRe2,LRf6]} Re6 36. c3 {Strongly threatening a5.} Be7 $2 (36... Bd8 37. Rf7+ {[%mdl 64] Double Attack} Ke8 38. Rxh7 Re3) 37. Rf7 {aiming for Nf5.} Ke8 38. Rxh7 Rf6 39. a5 {[%cal Ba4a5,Ba5a6,Ba6a7][%mdl 32]} Rf3 40. a6 Rxc3 41. a7 Rb3+ 42. Kxc6 Ra3 43. Nf5 {Accuracy: White = 72%, Black = 43%.} 1-0

[Event "HUN-ch Rapid 2020"]
[Site "Ajka"]
[Date "2020.07.17"]
[Round "4.11"]
[White "Csonka, Balazs"]
[Black "Mihok, Oliver"]
[Result "1/2-1/2"]
[WhiteElo "2498"]
[BlackElo "2552"]
[Annotator "TA"]
[PlyCount "45"]
[EventDate "2020.07.17"]
[EventType "rapid"]
[EventCountry "HUN"]
[SourceTitle "playchess.com"]
[Source "ChessBase"]
[SourceQuality "1"]

{[%evp 22,45,16,17,13,17,6,8,11,0,0,0,0,0,0,0,0,0,0,0,0,0,0,0,0,0]} 1. e4 e5 2. Nf3 Nc6 3. Bb5 a6 4. Ba4 Nf6 5. O-O b5 6. Bb3 Be7 7. Re1 O-O 8. h3 Bb7 9. d3 d5 10. exd5 Nxd5 11. Nxe5 Nxe5 12. Rxe5 {The position is equal.} Qd6 {C88: Closed Ruy Lopez: Anti-Marshall Systems.} 13. Re1 Rae8 14. Nd2 c5 15. a4 c4 16. dxc4 Nf4 17. Nf3 $1 {[#] Bxf4 is the strong threat.} ({Don't go for} 17. axb5 $2 Nxg2 18. c5 Qg6 $19) ({Avoid the trap} 17. cxb5 $2 Bh4 $19) 17... Nxg2 18. Qxd6 ({Reject} 18. Kxg2 Qg6+ 19. Kf1 Qf5 $17) 18... Nxe1 19. Qb6 Nxf3+ 20. Kf1 Nh2+ 21. Kg1 Nf3+ 22. Kf1 Nh2+ 23. Kg1 {An uneventful encounter. Accuracy: White = 100%, Black = 100%.} 1/2-1/2